Country Names With No Double Letters - Statistics

General Stats
  • This quiz has been taken 130 times
    120 since last reset
  • The average score is 43 of 54
Answer Stats
Country % Correct
China
96%
Chile
94%
France
93%
Iran
93%
Spain
93%
Iraq
92%
Denmark
91%
Laos
89%
Norway
89%
Germany
88%
Iceland
87%
Ireland
87%
Italy
87%
Libya
87%
Portugal
87%
Belgium
86%
Brazil
86%
Oman
86%
Peru
86%
Poland
85%
Bhutan
84%
Chad
84%
Egypt
84%
Israel
84%
Vietnam
84%
Cuba
82%
Ecuador
82%
Hungary
82%
Mexico
81%
Syria
81%
Mali
80%
Turkey
80%
Kenya
79%
Gabon
78%
Jordan
78%
Sudan
78%
Suriname
78%
Tonga
78%
Niger
76%
Cyprus
75%
Nepal
75%
Ukraine
75%
Estonia
74%
Belarus
73%
Guinea
73%
Honduras
69%
Kuwait
69%
Switzerland
69%
Brunei
67%
Serbia
67%
Slovenia
64%
Singapore
62%
Maldives
49%
Uzbekistan
48%
No matching quizzes found
Score Distribution
Percent of People with Each Score
Percentile by Number Answered
Your Score History
You have not taken this quiz since the last reset